000 00441nam a22001337a 4500
020 _a0-85368-457-X
082 _a355.02 GER'W
100 _aGERAGHTY, TONY
_948775
245 _aWHO DARES WINS THE STORY OF THE SPECIAL AIR SERVICE 1950-1980
260 _aLONDON
_bARMS & ARMOURED
_c1981
300 _a249P
650 _aGREAT BRITAIN HISTORY MILITARY 20TH CENTURY GREAT BRITAIN ARMY SPECIAL AIR SERVICE REGIMENT HISTORY
_975514
942 _cBK
999 _c580913
_d580913